| 000 | 00774cam a22002533a 4500 | ||
|---|---|---|---|
| 001 | 3600 | ||
| 003 | PGUSA | ||
| 005 | 20140828083035.0 | ||
| 008 | 041026s2004||||xxu|||||s|||||000 e eng d | ||
| 040 |
_aPGUSA _beng |
||
| 042 | _adc | ||
| 050 | 4 | _aPQ | |
| 100 | 1 |
_aMontaigne, Michel de, _d1533-1592 |
|
| 245 | 1 | 0 |
_aEssays of Michel de Montaigne — Complete _h[electronic resource] / _cMichel de Montaigne |
| 260 |
_bProject Gutenberg, _c2004 |
||
| 506 | _aPublic domain in the USA. | ||
| 516 | _aElectronic text | ||
| 653 | _aFrench essays -- Translations into English | ||
| 700 | 1 |
_aHazlitt, William Carew, _d1834-1913 |
|
| 700 | 1 |
_aCotton, Charles, _d1630-1687 |
|
| 830 | 0 |
_aProject Gutenberg _v3600 |
|
| 856 | 4 | 0 | _uhttp://www.gutenberg.org/ebooks/3600 |
| 942 | _cEB | ||
| 999 |
_c232929 _d232929 |
||